000 00593nam a2200277Ia 4500
005 20260401122257.0
008 008 250103s9999 xx 000 0 eng d
020 _a140510841X
037 _aTB
040 _aEDL
040 _beng
040 _cEDL
041 _2eng
041 _aeng
084 _a709.45 COL
084 _qEDL
245 0 _aSixteenth-Century Italian Art
260 _aU.S.A
260 _bBlackwell Publishing Ltd.
260 _c2006
300 _a547p
942 _cTB
942 _h709.45 COL
999 _c1846162
_d1846162